000 01325cam a2200277 a 4500
001 14285617
003 NUST
005 20221118154038.0
008 060303s2006 cau 001 0 eng
010 _a 2006272692
020 _a978-0-495-55497-9
040 _aDLC
_cDLC
050 0 0 _aQA39.3
_b.S74 2006
082 _a515.25,STE
100 1 _aStewart, James,
_d1941-
_914812
245 1 0 _aPrecalculus :
_bmathematics for calculus /
_cJames Stewart, Lothar Redlin, Saleem Watson.
250 _a5th ed.
260 _aBelmont, CA :
_bThomson Brooks/Cole,
_cc2006.
300 _a1 v. (various pagings) ;
_c26 cm. +
_e1 CD-ROM (4 3/4 in.)
505 _aFundamentals (page-1), Functions (Page-146), Polynomial and Rational Functions (Page-248), Exponential and Logarithmic Functions (Page-326), Trigonometric Functions of Real Numbers (Page-398), Trigonometric Functions of Angles (Page-466), Analytic Trigonometry (Page-526), Polar Coordinates and Vectors (Page-580), Systems of Equations and Inequalities (Page-634), Analytic Geometry (Page-742), Sequences and Series (Page-820), Limits: A Preview of Calculus (Page-880).
650 0 _aMathematics
_vTextbooks.
_935909
650 0 _aPrecalculus
_vTextbooks.
_9103093
700 1 _aRedlin, L.
_9103094
700 1 _aWatson, Saleem.
_9103095
942 _2ddc
_cBK
_k515.25,STE
999 _c592395
_d592395